000 01742nam0a2200313 i 4500
001 RU\NLR\BIBL_A\010820405
005 20260406080405.0
010 _a9785955206981
_9250
021 _aRU
_b2015-50872
_93011
035 _a(NILC)RuMoRGB-007974200
035 _a(NLR Aleph) 010820405
090 _a10241340
_c10241340
100 _a20150817d2015 um y0rusy50 ca
101 0 _arus
102 _aRU
105 _aa|||z||||01yy
200 1 _aПсихологическая диагностика в органах внутренних дел
_eучебное пособие
_fВ. Е. Петров
_gМВД России, Федеральное гос. казённое образовательное учреждение доп. проф. образования "Всероссийский ин-т повышения квалификации сотрудников МВД России"
210 _aДомодедово
_cВИПК МВД России
_d2015
215 _a170 с.
_cил.
_d21
300 _aВ вып. дан. авт.: Петров В. Е., к. психол. н., доц.
320 _aБиблиогр.: с. 162-165 (68 назв.) и в подстроч. примеч.
606 1 _aОрганы внутренних дел
_jУчебные издания для высших учебных заведений
_xКадры
_xПодбор
_xПсиходиагностика
_92441729
_3RU\NLR\AUTH\661452534
686 1 _aЮ947.2в6я73
700 1 _7ca
_8rus
_aПетров
_bВ. Е.
_cканд. психол. наук
_gВладислав Евгеньевич
_924775
_3RU\NLR\AUTH\7741827
801 0 _aRU
_bРГБ
_c20150713
_gRCR
942 _cBOOK
980 _aNBR